Bretaňské zlato : třetí případ pro komisaře Dupina /

Třetí případ charismatického komisaře Dupina, který se pomalu aklimatizuje v překrásné Bretani.

Hlavní autor: Bannalec, Jean-Luc, 1966-
Další autoři: Vodvárko, Jiří
Jazyk: Čeština
Vydáno: Praha : Euromedia Group, 2022
Vydání: Vydání druhé
Témata:
Fyzický popis: 318 stran ; 21 cm
Knihy
Uloženo v:
LEADER 02239nam a2200481 i 4500
001 nkc20223396304
003 CZ PrNK
005 20220816081942.0
007 ta
008 220719s2022 xr g 000 f cze
015 |a cnb003396304 
020 |a 978-80-242-8076-9  |q (vázáno) 
035 |a (OCoLC)1344360211 
040 |a ABG001  |b cze  |d ABA001  |e rda 
041 1 |a cze  |h ger 
072 7 |a 821.112.2-3  |x Německá próza, německy psaná  |2 Konspekt  |9 25 
080 |a 821.112.2-31  |2 MRF 
080 |a (0:82-312.4)  |2 MRF 
100 1 |a Bannalec, Jean-Luc,  |d 1966-  |7 xx0190059  |4 aut 
240 1 0 |a Bretonisches Gold.  |l Česky 
245 1 0 |a Bretaňské zlato :  |b třetí případ pro komisaře Dupina /  |c Jean-Luc Bannalec ; z německého originálu Bretonisches Gold ... přeložil Jiří Vodvárko 
250 |a Vydání druhé 
264 1 |a Praha :  |b Euromedia Group,  |c 2022 
300 |a 318 stran ;  |c 21 cm 
336 |a text  |b txt  |2 rdacontent 
337 |a bez média  |b n  |2 rdamedia 
338 |a svazek  |b nc  |2 rdacarrier 
500 |a Vydala Euromedia Group, a.s. - Kalibr 
520 2 |a Třetí případ charismatického komisaře Dupina, který se pomalu aklimatizuje v překrásné Bretani.  |b Komisař Dupin tentokráte zamíří na polostrov Guérande, kde již několik století místní získávají tu nejkvalitnější sůl. Motivem jeho cesty do těchto končin je prosba jeho známé, investigativní žurnalistky, aby prověřil machinace v prostředí producentů soli. Dupinovi se zdá, že v tak úchvatném a podmanivém prostředí se nic nekalého neděje. Do té doby, než je mu usilováno o život a jeho známá beze stopy zmizí. 
655 7 |a německé romány  |7 fd132945  |2 czenas 
655 7 |a detektivní romány  |7 fd132010  |2 czenas 
655 9 |a German fiction  |2 eczenas 
655 9 |a detective novels  |2 eczenas 
700 1 |a Vodvárko, Jiří  |7 ola2003191646  |4 trl 
787 0 8 |i Z cyklu:  |t Případy komisaře Dupina  |g 3 
910 2 |a BOA001  |b 2-1488.902 
920 |a 4660071  |z ABG001 
928 9 |a Euromedia Group - Kalibr 
928 9 |a Kalibr 
990 |a BK 
995 |a 01 
991 |b 202208  |c NOV 
996 6 |b 2610911215  |c 2-1488.902  |l MZK  |r Sklad / do 1 hodiny  |n 0  |p p.v.  |w 001895401  |u 000010  |a 1  |e BOA001  |j MZK50  |s P